000 00697nam a2200229 u 4500
005 20221115063529.0
008 141006s2007 es r 000 0 spa d
020 _a9788426364999
035 _aUPN01000200041
049 _aI
050 4 _aPN6071 S6.2
_bP4.2
100 1 _aPérez Escrivá, Victoria,
_d1964-
_936624
245 1 0 _aCinco arriba /
_cVictoria Pérez Escrivá ; il. Claudia Ranucci.
260 _aZaragoza, Esp. :
_bEdelvives,
_c2007.
300 _a[30] p.
_bil. col.
440 0 _aAnimaliadas ;
_v2
650 4 _aDEPORTES EN LA LITERATURA
_917471
650 4 _aBASKETBALL
_92943
650 7 _aAnimales
_vLiteratura infantil
_2
_91061
905 _aInfantil
999 _c172142
_d172142